Video Game Antagonists - Statistiken

Allgemein
  • Dieses Quiz wurde 85 mal gespielt
  • Das Durchschnittsergebnis liegt bei 8 aus 30
Antwortstatistiken
Bildquiz Antwort % Korrekt
Bowser
100%
Ganondorf
74%
Dr. Eggman
70%
Sephiroth
57%
König Dedede
47%
Sans
47%
King K. Rool
45%
Meisterhand
44%
Ridley
43%
Silber
26%
N. Cortex
25%
Diablo
21%
Dr. Wily
21%
Ghirahim
21%
Gruntilda Winkybunion
16%
Rex Fury
14%
Louie
12%
Marx
12%
Lugmilla
10%
Wizpig
10%
König Olly
9%
Xemnas
9%
Crucius
8%
Eisengesicht
6%
Officer Tenpenny
6%
Black Doom
5%
Capital B.
5%
Dr. Nefarius
5%
Bagura
4%
Dahlia Hawthorne
3%
Keine übereinstimmenden Quizze gefunden
Verteilung der Resultate
Anzahl Personen mit jedem Resultat
Perzentil nach korrekt beantworteten Fragen
Ihre Resultats-Entwicklung
Sie haben dieses Quiz noch nicht gespielt